000 01501nam0a22003491 4500
001 RU\NLR\INFOCOMM_161\5000066211
005 20250613093144.0
035 _a(NLR Aleph) 009191459
090 _a8633066
_c8633066
100 _a20100405d1988 |||y0rusy50 ca
101 0 _aeng
_drus
102 _aRU
105 _aa ||||000|y
200 1 _aˆAn ‰improved optical potential for low-energy pion-nucleus scattering
_fM. Kh. Khankhasayev, N. S. Topilskaya
210 _aДубна
_cОбъед. ин-т ядер. исслед.
_d1988
215 _a10 с.
_cил.
_d22 см
225 1 _aОбъединенный институт ядерных исследований, Дубна
_vЕ4-88-36
300 _aНа 3-й с. обл.: Оптический потенциал для пион-ядерного рассеяния при низких энергиях / Ханхасаев М. Х., Топильская Н. С.
300 _aРез. на рус. яз.
300 _a"Submitted to "Physics letters B""
320 _aБиблиогр.: с. 9-10
606 _aПионы (физ.)
_xРассеяние на ядрах
_2nlr_sh1
686 _aВ382.32
_2rubbk
700 1 _9z01790
_aChanchasaev
_bM. Ch.
_gMichail Chadalaevič
_4070
701 1 _9z02790
_aTopil'skaja
_bN. S.
_4070
790 1 _9z01700
_aKhankhasayev
_bM. Kh.
_4070
790 1 _9z02701
_aTopilskaya
_bN. S.
_4070
801 1 _aRU
_bNLR
_c20100405
801 0 _aRU
_bNLR
_gPSBO
852 _aNLR
_jФз01 Д-6/593
942 _cBOOK
980 _aNB